ბათუმის შოთა რუსთაველის სახელმწიფო უნივერსიტეტის ბიბლიოთეკა

საერთაშორისო სიტყვათა განმარტებითი ლექსიკონი / (ბიბ.ჩანაწერი № 54885)

000 -ლიდერი
ფიქსირებული სიგრძის საკონტროლო ველი 01772nam a2200313Ia 4500
001 - საკონტროლო ნომერი
საკონტროლო ველი 21954
003 - საკონტროლო ნომრის იდენტიფიკატორი
საკონტროლო ველი GE_BSU
005 - ბოლო ოპერაციის თარიღი და დრო
საკონტროლო ველი 20220909141546.0
008 - ფიქსირებული სიგრძის მონაცემთა ელემენტები - ზოგადი ინფორმაცია
ფიქსირებული სიგრძის საკონტროლო ველი 181216s ||||ge |||||||||||||| ||geo||
020 ## - წიგნის საერთაშორისო სტანდარტული ნომერი
International Standard Book Number 9789941015861
040 ## - კატალოგიზაციის წყარო
Transcribing agency GE_BSU
041 ## - ენის კოდი
Language code of text/sound track or separate title geo
080 ## - უნივერსალური ათობითი კლასიფიკაციის ინდექსი
Universal Decimal Classification number 81'374.25=353.1 კ-58
100 ## - მთავარი ჩანაწერი - პიროვნების სახელი
Personal name კლდიაშვილი, ნინო
9 (RLIN) 14570
245 ## - ცნობა სათაურის შესახებ
Title საერთაშორისო სიტყვათა განმარტებითი ლექსიკონი /
Statement of responsibility, etc ნინო კლდიაშვილი, ლევან კლდიაშვილი, როლანდ ქართველი ; რედ. ავთანდილ ნარიმანიძე.
264 ## - წარმოების, გამოცემის, დისტრიბუციის და სხვა ცნობები
გამოცემის, წარმოების, დისტრიბუციის... ადგილი თბილისი :
გამოცემის, წარმოების, დისტრიბუციის... სახელწოდება იმედი,
გამოცემის, წარმოების, დისტრიბუციის... თარიღი 2009.
300 ## - ფიზიკური აღწერა
Extent 604 გვ. ;
Dimensions 21 სმ.
490 ## - სერიის ცნობა
Series statement საერო სასკოლო გამოცემა
500 ## - ზოგადი შენიშვნა
General note ლექსიკონს დართული აქვს ლათინური სიბრძნე
500 ## - ზოგადი შენიშვნა
General note ლექსიკონი განკუთვნილის მოსწავლეებისთვის
501 ## - შენიშვნა თანმხლებ მასალაზე
With note ლექსიკოგრაფიული წყაროები გვ. 599
653 ## - INDEX TERM--UNCONTROLLED
Uncontrolled term ლექსიკონი
653 ## - INDEX TERM--UNCONTROLLED
Uncontrolled term საერთაშორისო სიტყვათა განმარტებითი ლექსიკონი
700 ## - ADDED ENTRY--PERSONAL NAME
Personal name კლდიაშვილი, ლევან
Relator term ავტორი
9 (RLIN) 14571
700 ## - ADDED ENTRY--PERSONAL NAME
Personal name ქართველი, როლანდ
Relator term ავტორი
9 (RLIN) 14572
700 ## - ADDED ENTRY--PERSONAL NAME
Personal name ნარიმანიძე, ავთანდილ
Relator term რედაქტორი
9 (RLIN) 14573
942 ## - ADDED ENTRY ELEMENTS (KOHA)
Koha item type წიგნი
Source of classification or shelving scheme
ეგზემპლარები
ჩამოწერის სტატუსი დაკარგული ეგზემპლარის სტატუსი კლასიფიკაციის წყარო ან თაროზე გაწყობის სქემა დაზიანების სტატუსი არ გაიცემა მუდმივი მდებარეობა (დაცვის ადგილი) ამჟამინდელი ადგილსამყოფელი თაროზე განთავსების ადგილი შეძენის თარიღი ღირებულება, შესყიდვის ნორმალური ფასი სრული შენახვის შიფრი შტრიხკოდი ბოლო ოპერაციის თარიღი ეგზემპლარის მიმდევრობითი ნომერი (კეტერი?) ფასის ძალაში შესვლის თარიღი ეგზემპლარის სახეობა საჯარო შენიშვნა
          ბათუმის შოთა რუსთაველის სახელმწიფო უნივერსიტეტის მთავარი ბიბლიოთეკა ბათუმის შოთა რუსთაველის სახელმწიფო უნივერსიტეტის მთავარი ბიბლიოთეკა წიგნსაცავი 2018-12-17 19.00 81'374.25=353.1 კ-58 56674 2018-12-17 56674 2018-12-17 წიგნი 19.00 ₾.